000 00661nam a22002057a 4500
999 _c13974
_d13974
003 AR-CdUCM
008 190417b ||||| |||| 00| 0 spa d
040 _aMUNICIPALIDAD PROVINCIAL DEL CUSCO
_cBIBLIOTECA MUNICIPAL DEL CUSCO
082 _aC / 985.61 /
_bY47
100 _aYepez. J. Arturo
_929912
245 _aHegemonía del Cuzco /
260 _aCusco :
_bEdit. Rozas,
_c1927.
300 _a50 paginas ;
_c20 cm.
500 _aEnsayos históricos que atribuye al Cuzco la capital del Perú
505 _aContenido :Hegemonía del Cuzco /
650 _aCusco
_9772
650 _aHegemonía
_932622
942 _2ddc
_cFOLLETOS
945 _arjall
_d2019-04-17